| 000 -LEADER |
| fixed length control field |
01149nam a22002897a 4500 |
| 003 - CONTROL NUMBER IDENTIFIER |
| control field |
OSt |
| 005 - DATE AND TIME OF LATEST TRANSACTION |
| control field |
20251204142103.0 |
| 008 - FIXED-LENGTH DATA ELEMENTS--GENERAL INFORMATION |
| fixed length control field |
251204b ||||| |||| 00| 0 eng d |
| 020 ## - INTERNATIONAL STANDARD BOOK NUMBER |
| International Standard Book Number |
9781665920001 |
| Qualifying information |
(paperback) |
| 040 ## - CATALOGING SOURCE |
| Original cataloging agency |
DLC |
| Language of cataloging |
eng |
| Description conventions |
rda |
| Transcribing agency |
DLC |
| Modifying agency |
KH8 |
| 082 00 - DEWEY DECIMAL CLASSIFICATION NUMBER |
| Edition number |
741.5 WIN |
| 100 1# - MAIN ENTRY--PERSONAL NAME |
| Personal name |
Windness, Kaz |
| Relator term |
author |
| -- |
illustrator |
| 245 10 - TITLE STATEMENT |
| Title |
Worm and Caterpillar are friends |
| Statement of responsibility, etc. |
written and illustrated by Kaz WIndness |
| 264 #1 - PRODUCTION, PUBLICATION, DISTRIBUTION, MANUFACTURE, AND COPYRIGHT NOTICE |
| Place of production, publication, distribution, manufacture |
New York |
| Name of producer, publisher, distributor, manufacturer |
Simon Spotlight |
| Date of production, publication, distribution, manufacture, or copyright notice |
2023 |
| 300 ## - PHYSICAL DESCRIPTION |
| Extent |
64 PAGES |
| Other physical details |
COLOUR |
| Dimensions |
14 cm x 22 cm |
| 520 ## - SUMMARY, ETC. |
| Summary, etc. |
A worm and a caterpillar are best friends and when one of them is about to go through a big change, they both learn what is inside is what counts. |
| 521 ## - TARGET AUDIENCE NOTE |
| Target audience note |
Ages 4-6 |
| Source |
Simon Spotlight |
| 521 ## - TARGET AUDIENCE NOTE |
| Target audience note |
Grades K-1 |
| Source |
Simon Spotlight |
| 650 #1 - SUBJECT ADDED ENTRY--TOPICAL TERM |
| Topical term or geographic name entry element |
Worms |
| Form subdivision |
Fiction |
| 650 #1 - SUBJECT ADDED ENTRY--TOPICAL TERM |
| Topical term or geographic name entry element |
Caterpillars |
| Form subdivision |
Fiction |
| 650 #1 - SUBJECT ADDED ENTRY--TOPICAL TERM |
| Topical term or geographic name entry element |
Best friends |
| Form subdivision |
Fiction |
| 650 #1 - SUBJECT ADDED ENTRY--TOPICAL TERM |
| Topical term or geographic name entry element |
Change |
| Form subdivision |
Fiction |
| 655 #7 - INDEX TERM--GENRE/FORM |
| Genre/form data or focus term |
Picture books |
| 776 08 - ADDITIONAL PHYSICAL FORM ENTRY |
| Relationship information |
Online version: |
| Main entry heading |
Windness, Kaz. |
| Title |
Worm and Caterpillar are friends |
| Place, publisher, and date of publication |
New York : Simon Spotlight, 2023 |
| International Standard Book Number |
9781665920025 |
| Record control number |
(DLC) 2022028302 |
| 906 ## - LOCAL DATA ELEMENT F, LDF (RLIN) |
| a |
7 |
| b |
cbc |
| c |
orignew |
| d |
1 |
| e |
ecip |
| f |
20 |
| g |
y-gencatlg |
| 942 ## - ADDED ENTRY ELEMENTS (KOHA) |
| Source of classification or shelving scheme |
|
| Koha item type |
Books - Fiction |